Library Banner

Brain and human body modeling 2020 : (Record no. 124315)

MARC details
000 -LEADER
fixed length control field 00628nam a2200181 4500
005 - DATE AND TIME OF LATEST TRANSACTION
control field 20211013110444.0
008 - FIXED-LENGTH DATA ELEMENTS--GENERAL INFORMATION
fixed length control field 211013b ||||| |||| 00| 0 eng d
020 ## - INTERNATIONAL STANDARD BOOK NUMBER
International Standard Book Number 9783030456221
040 ## - CATALOGING SOURCE
Transcribing agency PK-LaUMT
082 ## - DEWEY DECIMAL CLASSIFICATION NUMBER
Classification number 610.28
Item number BRA-
245 ## - TITLE STATEMENT
Title Brain and human body modeling 2020 :
Remainder of title computational human models presented at EMBC 2019 and the brain initiative 2019 meeting /
Statement of responsibility, etc edited by Sergey N. Makarov, Gregory M. Noetscher and Aapo Nummenmaa
260 ## - PUBLICATION, DISTRIBUTION, ETC. (IMPRINT)
Place of publication, distribution, etc Switzerland :
Name of publisher, distributor, etc Springer,
Date of publication, distribution, etc 2021
300 ## - PHYSICAL DESCRIPTION
Extent 407 p.
650 ## - SUBJECT ADDED ENTRY--TOPICAL TERM
Topical term or geographic name as entry element Brain-Models
650 ## - SUBJECT ADDED ENTRY--TOPICAL TERM
Topical term or geographic name as entry element Human body-Models
650 ## - SUBJECT ADDED ENTRY--TOPICAL TERM
Topical term or geographic name as entry element Biomedical engineering
942 ## - ADDED ENTRY ELEMENTS (KOHA)
Koha item type Books
Holdings
Withdrawn status Lost status Damaged status Home library Current library Date acquired Full call number Barcode Date last seen Price effective from Koha item type
      UMT Main Campus UMT Main Campus 2021-10-13 610.28 BRA- 138937 2021-10-13 2021-10-13 Books